Všeobecná geologie /

Hlavní autor: Kumpera, Otakar, 1932-1996
Další autoři: Zorkovský, Vojtech, 1920-2011, Foldyna, Jan
Jazyk: Čeština
Vydáno: Praha : Státní nakladatelství technické literatury, 1988
Vydání: 1. vyd.
Témata:
Externí odkaz: Digitalizovaný dokument
Fyzický popis: 521 s., barev. obr. příl.
Knihy
Uloženo v:
LEADER 01540nam a22003492a 4500
001 000217509
003 CZ BrMZK
005 20061009100142.0
007 ta
008 970103s1988 xr af f cze d
015 |a cnb000041314 
035 |a (OCoLC)39438480 
040 |a BOA001  |b cze 
080 |a 551.1/.4(075.8)  |2 MRF 
100 1 |a Kumpera, Otakar,  |d 1932-1996  |7 jk01070839  |4 aut 
245 1 0 |a Všeobecná geologie /  |c Otakar Krumpera, Jan Foldyna, Vojtech Zorkovský 
250 |a 1. vyd. 
260 |a Praha :  |b Státní nakladatelství technické literatury,  |c 1988 
300 |a 521 s., barev. obr. příl. 
504 |a Obsahuje bibliografii 
500 |a Dostupné též v digitální podobě v aplikaci Kramerius 
700 1 |a Zorkovský, Vojtech,  |d 1920-2011  |7 mzk2002139834  |4 aut 
700 1 |a Foldyna, Jan  |7 jn19981001205  |4 aut 
856 4 1 |u http://www.digitalniknihovna.cz/mzk/uuid/uuid:0ea53f10-8273-11e7-aab4-005056827e52  |y Digitalizovaný dokument  |x NDK 
910 |a BOA001  |b TK-0237.930  |b 2-0935.347 
920 |a 000091308 
964 |a Geologie všeobecná - učebnice - školy vysoké 
990 |a BK 
996 7 |b 2619971194  |c 2-0935.347  |l MZK  |r Sklad / do 1 hodiny  |n 25  |w 000217509  |u 000040  |a 1  |e BOA001  |j MZK50  |s A 
996 6 |b 2619983151  |c 2-0935.347  |l MZK  |r STM 6p  |n 1  |h 55 VŠE  |w 000217509  |u 000020  |a 0  |e BOA001  |j MZK50  |s P 
996 7 |b 2619983158  |c 2-0935.347  |l MZK  |r Sklad / do 1 hodiny  |n 29  |w 000217509  |u 000030  |a 1  |e BOA001  |j MZK50  |s A 
996 7 |b 2629995598  |c TK-0237.930  |l MZK  |r Sklad / do 24 hodin  |n 30  |w 000217509  |u 000010  |a 1  |e BOA001  |j MZK50  |s A